000 00293nam a22001337a 4500
008 171123b xxu||||| |||| 00| 0 eng d
020 _a0201198266
041 _aeng
080 _22 ED
_a004
100 _a37
101 _aSHK
245 _aCOMPUTING CONCEPTS
_cDAVIS..W.S
942 _2udc
_cBK
999 _c38407
_d38407